[Event "Cheliabinsk Variant Gp-A"]
[Site "Cheliabinsk"]
[Date "2021.03.25"]
[Round "3"]
[White "Pogosyan, Stefan"]
[Black "Korneevets, Alexander"]
[Result "1/2-1/2"]
[WhiteElo "2444"]
[BlackElo "2267"]
[PlyCount "120"]
[EventDate "2021.03.23"]
[EventType "swiss"]
[EventRounds "10"]
[EventCountry "RUS"]
[SourceTitle "CBM 202 Extra"]
[Source "ChessBase"]
[SourceDate "2021.07.31"]
[SourceVersion "1"]
[SourceVersionDate "2021.07.31"]
[SourceQuality "1"]

1. c4 Nf6 2. Nf3 e6 3. d4 Bb4+ 4. Bd2 Qe7 5. g3 0-0 6. Bg2 Bxd2+ 7. Nbxd2 d6 8. 0-0 e5 9. e3 Nbd7 10. b4 h6 11. Qc2 Re8 12. e4 a5 13. a3 b6 14. d5 Bb7 15. Rfc1 axb4 16. axb4 Rxa1 17. Rxa1 Ra8 18. Rxa8+ Bxa8 19. Qa4 Qd8 20. Bh3 Bb7 21. Nb1 Kf8 22. Nc3 Ke7 23. Nh4 g6 24. Ng2 Qa8 25. Bxd7 Nxd7 26. Qxa8 Bxa8 27. Nb5 c5 28. dxc6 Bxc6 29. Nc3 f5 30. exf5 Bxg2 31. Kxg2 gxf5 32. Nd5+ Kf7 33. Kh3 b5 34. cxb5 Ke6 35. Nc7+ Ke7 36. f4 e4 37. Nd5+ Ke6 38. Ne3 d5 39. Nc2 Nb6 40. Kh4 Nc4 41. Nd4+ Kd7 42. Nxf5 e3 43. Nd4 Nd6 44. g4 Nxb5 45. Nc2 d4 46. g5 hxg5+ 47. fxg5 e2 48. Ne1 Na3 49. Kg3 Nc2 50. Kf2 Nxb4 51. Kxe2 Ke6 52. Nd3 Nd5 53. Kf3 Kf5 54. h4 Ne7 55. Nb4 Ng6 56. Kg3 Ne5 57. Nc2 d3 58. Ne3+ Ke4 59. Nf1 Kf5 60. Nd2 Nf7 1/2-1/2

[Event "EU-ch Online U2300 Final"]
[Site "Chess.com INT"]
[Date "2020.05.26"]
[Round "3"]
[White "Korneevets, Alexander"]
[Black "Mostbauer, Florian"]
[Result "1/2-1/2"]
[WhiteElo "2267"]
[BlackElo "2309"]
[PlyCount "109"]
[EventDate "2020.05.26"]
[EventType "swiss"]
[EventRounds "8"]
[EventCountry "NET"]
[SourceTitle "CBM 196 Extra"]
[Source "ChessBase"]
[SourceDate "2020.07.31"]
[SourceVersion "1"]
[SourceVersionDate "2020.07.31"]
[SourceQuality "1"]

1. e4 c6 2. Nc3 d5 3. Nf3 Nf6 4. e5 Ne4 5. Ne2 Qb6 6. d4 e6 7. g3 c5 8. Bg2 Nc6 9. 0-0 Bd7 10. c3 Be7 11. dxc5 Bxc5 12. Ned4 Nxd4 13. cxd4 Be7 14. Be3 h6 15. Qb3 Qxb3 16. axb3 Bb5 17. Rfc1 Kd7 18. Bf1 Bxf1 19. Kxf1 a6 20. Ke2 Ng5 21. Ne1 f6 22. h4 Nf7 23. f4 f5 24. h5 Rac8 25. Nd3 Rxc1 26. Rxc1 Rc8 27. Rc3 Rg8 28. Kf3 g5 29. hxg6 Rxg6 30. Rc2 Rg8 31. Rc1 Rh8 32. Rh1 Rc8 33. Rc1 Rxc1 34. Bxc1 h5 35. Be3 Kc6 36. Bd2 Kb5 37. Be1 Nd8 38. Ke3 Nc6 39. Bc3 a5 40. Kd2 h4 41. gxh4 Bxh4 42. Nc5 Nd8 43. Ke3 b6 44. Nd7 Be7 45. Kd3 Kc6 46. Nf6 Nf7 47. Nh5 Kd7 48. Be1 Nd8 49. Ng7 Bf8 50. Nh5 Nc6 51. Bh4 Nb4+ 52. Kc3 Nc6 53. Kd3 Nb4+ 54. Kc3 Nc6 55. Kd3 1/2-1/2

[Event "EU-ch Online U2300 Qual"]
[Site "Chess.com INT"]
[Date "2020.05.25"]
[Round "4"]
[White "Lagerman, Robert"]
[Black "Korneevets, Alexander"]
[Result "0-1"]
[WhiteElo "2298"]
[BlackElo "2267"]
[PlyCount "44"]
[EventDate "2020.05.25"]
[EventType "swiss"]
[EventRounds "8"]
[EventCountry "NET"]
[SourceTitle "EXT 2021"]
[Source "ChessBase"]
[SourceDate "2020.10.23"]
[SourceVersion "1"]
[SourceVersionDate "2020.10.23"]
[SourceQuality "1"]

1. e4 e5 2. Nf3 Nc6 3. d4 exd4 4. Bc4 Bc5 5. c3 Nf6 6. cxd4 Bb4+ 7. Nc3 Nxe4 8. 0-0 Bxc3 9. d5 Ne5 10. Bb3 d6 11. bxc3 Bg4 12. Re1 f5 13. Ba4+ Kf8 14. Bc2 Bxf3 15. Qd4 Qf6 16. Bf4 Qg6 17. Bg3 h5 18. Qb4 h4 19. gxf3 Nxf3+ 20. Kg2 Nxe1+ 21. Rxe1 hxg3 22. hxg3 Re8 0-1

[Event "EU-ch Online U2300 Qual"]
[Site "Chess.com INT"]
[Date "2020.05.25"]
[Round "3"]
[White "Vuckovic, Marko1111"]
[Black "Korneevets, Alexander"]
[Result "0-1"]
[WhiteElo "2059"]
[BlackElo "2267"]
[PlyCount "90"]
[EventDate "2020.05.25"]
[EventType "swiss"]
[EventRounds "8"]
[EventCountry "NET"]
[SourceTitle "EXT 2021"]
[Source "ChessBase"]
[SourceDate "2020.10.23"]
[SourceVersion "1"]
[SourceVersionDate "2020.10.23"]
[SourceQuality "1"]

1. e4 e5 2. Nf3 Nc6 3. d4 exd4 4. Nxd4 Nf6 5. Nxc6 bxc6 6. e5 Qe7 7. Qe2 Nd5 8. c4 Ba6 9. b3 g6 10. Bb2 Bg7 11. Nd2 Nb4 12. Ne4 0-0 13. f4 d5 14. Nf6+ Bxf6 15. exf6 Nc2+ 16. Kd2 Qxe2+ 17. Bxe2 Nxa1 18. Bxa1 Rad8 19. Be5 dxc4+ 20. Kc3 Rd5 21. bxc4 Ra5 22. Ra1 Ra3+ 23. Kb4 Re3 24. Bf3 Bb7 25. Kc5 Rd8 26. Bxc7 Rc8 27. Be5 Ra3 28. Bg4 Rd8 29. Bc7 Rf8 30. Rb1 Ba6 31. Rb2 Rc3 32. Rb4 Rc2 33. Bd6 Rd8 34. Be7 Ra8 35. Bf3 Rc8 36. Ra4 Bb5 37. Rb4 a5 38. Bg4 axb4 39. Bxc8 Rxc4+ 40. Kb6 Rxf4 41. Bd7 Rf2 42. Bxb4 Rxa2 43. Bh3 h5 44. Kc5 Rc2+ 45. Kd4 Rc4+ 0-1

[Event "Dvorkovich Memorial op 6th"]
[Site "Taganrog"]
[Date "2011.08.04"]
[Round "4"]
[White "Korneevets, Alexander"]
[Black "Petrov, Artur"]
[Result "1/2-1/2"]
[WhiteElo "2266"]
[BlackElo "2383"]
[PlyCount "58"]
[EventDate "2011.08.01"]
[EventType "swiss"]
[EventRounds "9"]
[EventCountry "RUS"]
[SourceTitle "CBM 144 Extra"]
[Source "ChessBase"]
[SourceDate "2011.10.28"]
[SourceVersion "1"]
[SourceVersionDate "2011.10.28"]
[SourceQuality "1"]

1. d4 Nf6 2. g3 d6 3. Bg2 Nbd7 4. e4 e5 5. Ne2 Be7 6. 0-0 0-0 7. Nbc3 c6 8. a4 b6 9. h3 a6 10. g4 Bb7 11. Be3 b5 12. Ng3 b4 13. Nce2 c5 14. d5 Ne8 15. Qd2 a5 16. b3 h6 17. c4 Bg5 18. Nf5 Bc8 19. Kh2 Kh7 20. Rh1 g6 21. Bxg5 Qxg5 22. Qxg5 hxg5 23. Ne3 Kg7 24. Kg3 Rh8 25. h4 f6 26. hxg5 fxg5 27. Rxh8 Kxh8 28. Ng1 Ndf6 29. Nh3 Nh7 1/2-1/2

[Event "Rewal op-A 15th"]
[Site "Rewal"]
[Date "2010.08.27"]
[Round "8"]
[White "Wandzik, Wojciech"]
[Black "Korneevets, Alexander"]
[Result "1-0"]
[WhiteElo "2151"]
[BlackElo "2314"]
[PlyCount "93"]
[EventDate "2010.08.19"]
[EventType "swiss"]
[EventRounds "9"]
[EventCountry "POL"]
[SourceTitle "EXT 2013"]
[Source "ChessBase"]
[SourceDate "2012.11.22"]
[SourceVersion "1"]
[SourceVersionDate "2012.11.22"]
[SourceQuality "1"]

1. e4 c5 2. Nf3 d6 3. Bb5+ Bd7 4. Bxd7+ Qxd7 5. 0-0 Nc6 6. c3 Nf6 7. Re1 e6 8. d4 cxd4 9. cxd4 d5 10. e5 Ne4 11. Nbd2 Nxd2 12. Bxd2 Be7 13. Rc1 0-0 14. Rc3 Rfc8 15. a3 b5 16. Rd3 a5 17. h4 b4 18. a4 h6 19. Nh2 f5 20. exf6 Bxf6 21. Qg4 Kh8 22. Rxe6 Re8 23. Rxe8+ Qxe8 24. Be3 Qe4 25. Rd1 Rd8 26. b3 Bxh4 27. Rc1 Rd6 28. Qc8+ Nd8 29. Nf3 Be7 30. Ne5 Kh7 31. Qc7 Bf8 32. Qxa5 Ne6 33. Qxb4 Rc6 34. Qd2 Rxc1+ 35. Qxc1 Nxd4 36. Bxd4 Qxd4 37. Qc2+ Kg8 38. Qf5 Bc5 39. g3 Qc3 40. Nd3 Bd4 41. Qxd5+ Kh8 42. Qa8+ Kh7 43. Qe4+ Kh8 44. b4 Qc4 45. Kg2 Qc3 46. a5 Qa1 47. Qe1 1-0

[Event "Rewal op-A 15th"]
[Site "Rewal"]
[Date "2010.08.23"]
[Round "4"]
[White "Korneevets, Alexander"]
[Black "Sroka, Janusz"]
[Result "1-0"]
[WhiteElo "2314"]
[BlackElo "2148"]
[PlyCount "81"]
[EventDate "2010.08.19"]
[EventType "swiss"]
[EventRounds "9"]
[EventCountry "POL"]
[SourceTitle "EXT 2013"]
[Source "ChessBase"]
[SourceDate "2012.11.22"]
[SourceVersion "1"]
[SourceVersionDate "2012.11.22"]
[SourceQuality "1"]

1. e4 e5 2. Nf3 Nc6 3. Bb5 a6 4. Bxc6 dxc6 5. 0-0 Bg4 6. h3 Bxf3 7. Qxf3 Qf6 8. Qxf6 Nxf6 9. d3 Bc5 10. Nd2 0-0-0 11. a4 h6 12. Nc4 Rhe8 13. a5 Re6 14. g3 Rg8 15. Kh2 g5 16. f4 gxf4 17. gxf4 exf4 18. Bxf4 Nh5 19. Be3 Bxe3 20. Nxe3 Rf6 21. Ng4 Rf4 22. Rxf4 Nxf4 23. Rf1 Ne6 24. Nxh6 Rh8 25. Nxf7 Rh7 26. Ne5 Kd8 27. Nf3 c5 28. h4 Ke7 29. Kg3 Rg7+ 30. Kf2 Nf4 31. Ng5 Kd6 32. Kg3 Ne2+ 33. Kg4 Nd4 34. Rf3 Nc6 35. h5 Ne5+ 36. Kh4 Ke7 37. Rf5 Nd7 38. h6 Rg8 39. h7 Rh8 40. Rf7+ Kd6 41. Kh5 1-0

[Event "Kostroma Volga Cup"]
[Site "Kostroma"]
[Date "2010.07.06"]
[Round "7.4"]
[White "Derbenev, Andrey"]
[Black "Korneevets, Alexander"]
[Result "1-0"]
[WhiteElo "2380"]
[BlackElo "2314"]
[PlyCount "101"]
[EventDate "2010.07.03"]
[EventType "tourn"]
[EventRounds "13"]
[EventCountry "RUS"]
[EventCategory "2"]
[SourceTitle "EXT 2011"]
[Source "ChessBase"]
[SourceDate "2010.11.26"]
[SourceVersion "1"]
[SourceVersionDate "2010.11.26"]
[SourceQuality "1"]

1. d4 d5 2. c4 c6 3. Nc3 Nf6 4. Nf3 a6 5. a4 e6 6. Bg5 Nbd7 7. a5 Bb4 8. Qa4 Bxc3+ 9. bxc3 b5 10. axb6 Nxb6 11. Qb4 Nxc4 12. e4 dxe4 13. Bxf6 gxf6 14. Qxc4 exf3 15. Qxc6+ Bd7 16. Qxf3 0-0 17. Bd3 Bb5 18. Qg4+ Kh8 19. c4 f5 20. Qf4 Bc6 21. 0-0 Qf6 22. Ra5 Rfd8 23. Re5 Qg7 24. f3 a5 25. d5 Bd7 26. c5 f6 27. Re2 exd5 28. Rfe1 Re8 29. Qd6 Rxe2 30. Rxe2 Rg8 31. g3 Bc8 32. c6 h5 33. Qf4 Qg5 34. Qxg5 fxg5 35. Re5 Kg7 36. Rxd5 Kf6 37. Rxa5 Rg7 38. Kf2 h4 39. gxh4 gxh4 40. Rd5 Rc7 41. Bb5 f4 42. Ke2 Bf5 43. Kd2 Ra7 44. Kc3 Bh3 45. Kb4 Ra2 46. Rh5 Rf2 47. Rxh4 Rxf3 48. c7 Bc8 49. Rh8 Ke7 50. Rxc8 Kd6 51. Ka5 1-0

[Event "Kostroma Volga Cup"]
[Site "Kostroma"]
[Date "2010.07.03"]
[Round "1.2"]
[White "Shkalov, Oleg"]
[Black "Korneevets, Alexander"]
[Result "1/2-1/2"]
[WhiteElo "2267"]
[BlackElo "2314"]
[PlyCount "27"]
[EventDate "2010.07.03"]
[EventType "tourn"]
[EventRounds "13"]
[EventCountry "RUS"]
[EventCategory "2"]
[SourceTitle "EXT 2011"]
[Source "ChessBase"]
[SourceDate "2010.11.26"]
[SourceVersion "1"]
[SourceVersionDate "2010.11.26"]
[SourceQuality "1"]

1. d4 d5 2. c4 c6 3. cxd5 cxd5 4. Nc3 Nf6 5. Bf4 Nc6 6. e3 a6 7. Bd3 Bg4 8. Nge2 e6 9. 0-0 Bd6 10. f3 Bh5 11. a3 Bg6 12. Rc1 Rc8 13. Na4 Bxd3 14. Qxd3 1/2-1/2

[Event "Rewal op-A 14th"]
[Site "Rewal"]
[Date "2009.08.29"]
[Round "9"]
[White "Popova, Natalija"]
[Black "Korneevets, Alexander"]
[Result "1-0"]
[WhiteElo "2276"]
[BlackElo "2308"]
[PlyCount "71"]
[EventDate "2009.08.19"]
[EventType "swiss"]
[EventRounds "9"]
[EventCountry "POL"]
[SourceTitle "CBM 131 Extra"]
[Source "ChessBase"]
[SourceDate "2009.09.03"]
[SourceVersion "2"]
[SourceVersionDate "2009.09.16"]
[SourceQuality "1"]

1. d4 d5 2. Nf3 c6 3. g3 Bg4 4. Bg2 Nd7 5. 0-0 g6 6. c4 dxc4 7. Qc2 Nb6 8. Rd1 Bg7 9. Na3 Nf6 10. Ne5 Be6 11. Naxc4 0-0 12. Na5 Qc8 13. e4 Nfd7 14. Nxd7 Qxd7 15. Be3 Rac8 16. Nb3 Na4 17. Nc1 Nb6 18. Nd3 Rcd8 19. Nc5 Qc8 20. Rac1 Nc4 21. Bf4 Bxd4 22. Nxe6 Qxe6 23. Qxc4 Qxc4 24. Rxc4 Bxf2+ 25. Kxf2 Rxd1 26. Bf3 Rb1 27. Bc1 f6 28. Ke3 Kf7 29. Kd2 Rd8+ 30. Kc2 Ra1 31. a3 e5 32. Be2 Ke6 33. b3 Ra2+ 34. Bb2 Rxb2+ 35. Kxb2 Rd2+ 36. Rc2 1-0

[Event "Kostroma Volga Cup"]
[Site "Kostroma"]
[Date "2009.07.04"]
[Round "2"]
[White "Korneevets, Alexander"]
[Black "Moiseenko, Vadim"]
[Result "1/2-1/2"]
[WhiteElo "2308"]
[BlackElo "2246"]
[PlyCount "179"]
[EventDate "2009.07.03"]
[EventType "tourn"]
[EventRounds "11"]
[EventCountry "RUS"]
[SourceTitle "CBM 131 Extra"]
[Source "ChessBase"]
[SourceDate "2009.09.03"]
[SourceVersion "2"]
[SourceVersionDate "2009.09.16"]
[SourceQuality "1"]

1. d4 d5 2. c4 c6 3. cxd5 cxd5 4. Nf3 Nc6 5. Nc3 Nf6 6. Bf4 a6 7. Ne5 Qb6 8. Nxc6 bxc6 9. Qd2 Bf5 10. e3 Ne4 11. Nxe4 Bxe4 12. a3 e6 13. Rc1 Be7 14. f3 Bg6 15. Be2 0-0 16. 0-0 a5 17. Rc3 Rfc8 18. Rfc1 h6 19. Kf2 a4 20. Bd1 Qb7 21. b4 axb3 22. Rxb3 Qa6 23. Rbc3 Qa5 24. Bc2 Bxc2 25. Qxc2 Ra6 26. Qd3 Rb6 27. e4 Rb2+ 28. R1c2 Rxc2+ 29. Qxc2 c5 30. exd5 exd5 31. dxc5 Rxc5 32. Rxc5 Qxc5+ 33. Qxc5 Bxc5+ 34. Ke2 Bxa3 35. Kd3 Bb2 36. Be3 f6 37. Bd4 Ba3 38. g4 Kf7 39. h3 Kg6 40. Be3 Bb2 41. Bd2 f5 42. Be3 Be5 43. Bd2 h5 44. Be3 h4 45. Bd2 fxg4 46. fxg4 Bf6 47. Bf4 Kf7 48. Be3 Ke6 49. Bf4 Bd8 50. Kd4 Bb6+ 51. Kd3 Bf2 52. Bc7 Bg3 53. Ba5 g6 54. Kd4 Bf2+ 55. Kd3 Kd6 56. Bd8 Kd7 57. Ba5 Kc6 58. Bd8 Kb5 59. Be7 Ka4 60. Kc3 Kb5 61. Kd3 Kc6 62. Bd8 Bg3 63. Kd4 Kd6 64. Kd3 Kd7 65. Ba5 Bc7 66. Be1 Bd8 67. Bd2 Ke6 68. Bf4 Be7 69. Kd4 g5 70. Bd2 Bd8 71. Bc1 Be7 72. Bd2 Bf6+ 73. Kd3 Bd8 74. Kd4 Bf6+ 75. Kd3 Kf7 76. Be3 Kg6 77. Bd4 Be7 78. Be3 Bd8 79. Bd2 Bb6 80. Bc1 Kf6 81. Bb2+ Ke6 82. Bc1 Bd8 83. Kd4 Be7 84. Bd2 Bf6+ 85. Kd3 Kd6 86. Bb4+ Kc6 87. Bd2 Kc5 88. Be3+ d4 89. Bd2 Kd5 90. Bc1 1/2-1/2

[Event "Lipetsk King's Gambit-B"]
[Site "Lipetsk"]
[Date "2008.07.17"]
[Round "9"]
[White "Khalukov, Yury"]
[Black "Korneevets, Alexander"]
[Result "1/2-1/2"]
[WhiteElo "2309"]
[BlackElo "2302"]
[PlyCount "90"]
[EventDate "2008.07.09"]
[EventType "tourn"]
[EventRounds "11"]
[EventCountry "RUS"]
[EventCategory "2"]
[SourceTitle "CBM 125 Extra"]
[Source "ChessBase"]
[SourceDate "2008.09.01"]
[SourceVersion "1"]
[SourceVersionDate "2008.09.01"]
[SourceQuality "1"]

1. e4 c5 2. Nf3 e6 3. c3 Nf6 4. e5 Nd5 5. d4 cxd4 6. cxd4 d6 7. Bc4 dxe5 8. dxe5 Bb4+ 9. Nbd2 Nb6 10. Bb3 Bd7 11. Qe2 Bc6 12. 0-0 Bd5 13. Bxd5 Nxd5 14. Ne4 Nc6 15. Bg5 Qc7 16. a3 Bf8 17. Rac1 h6 18. Bh4 a6 19. Rfd1 Be7 20. Bxe7 Qxe7 21. Nd6+ Kf8 22. Nf5 Qe8 23. Nd6 Qe7 24. Qc4 Kg8 25. Nxb7 Nxe5 26. Nxe5 Qxb7 27. b4 Kh7 28. Qe4+ f5 29. Qf3 Rhc8 30. Rc5 a5 31. Qh5 Nf4 32. Qf3 Qxf3 33. Nxf3 Rxc5 34. bxc5 Rc8 35. g3 Ne2+ 36. Kf1 Nc3 37. Rd6 Ne4 38. Rxe6 Rxc5 39. Re5 Rc2 40. Rxf5 Rxf2+ 41. Ke1 Ra2 42. Rxa5 g5 43. g4 Rf2 44. Rf5 Ra2 45. Ra5 Rf2 1/2-1/2

[Event "Lipetsk King's Gambit-B"]
[Site "Lipetsk"]
[Date "2008.07.16"]
[Round "8"]
[White "Korneevets, Alexander"]
[Black "Morev, Ivan"]
[Result "1/2-1/2"]
[WhiteElo "2302"]
[BlackElo "2219"]
[PlyCount "116"]
[EventDate "2008.07.09"]
[EventType "tourn"]
[EventRounds "11"]
[EventCountry "RUS"]
[EventCategory "2"]
[SourceTitle "CBM 125 Extra"]
[Source "ChessBase"]
[SourceDate "2008.09.01"]
[SourceVersion "1"]
[SourceVersionDate "2008.09.01"]
[SourceQuality "1"]

1. d4 Nf6 2. g3 d6 3. Bg2 g6 4. e4 Bg7 5. Nc3 0-0 6. Nge2 e5 7. h3 Nc6 8. Be3 exd4 9. Nxd4 Bd7 10. 0-0 Qc8 11. Kh2 Re8 12. Re1 a6 13. Nb3 Rb8 14. f4 b5 15. a3 Nd8 16. Ba7 Ra8 17. Bf2 Nb7 18. e5 Nh5 19. exd6 Rxe1 20. Qxe1 cxd6 21. Nd4 Nf6 22. Ne4 Rb8 23. Nxf6+ Bxf6 24. c3 Nc5 25. Rd1 Qc7 26. Qd2 Rd8 27. Bd5 Ne6 28. Nc2 Nc5 29. Ne3 Be6 30. Qc2 Nd7 31. a4 bxa4 32. Qxa4 Rb8 33. Qc2 Nb6 34. Bf3 Nc4 35. Nxc4 Bxc4 36. Rd2 Rb5 37. Qd1 d5 38. Kg2 Qb8 39. Qa1 a5 40. h4 h6 41. Be3 Kg7 42. Qc1 h5 43. f5 Qe5 44. Bh6+ Kh7 45. fxg6+ fxg6 46. Bf4 Qf5 47. Be3 Bd3 48. Rf2 Be4 49. Bxe4 Qxe4+ 50. Kh2 Bg7 51. Qd2 Rxb2 52. Qxb2 Qxe3 53. Re2 Qxc3 54. Qxc3 Bxc3 55. Re7+ Kg8 56. Kg2 d4 57. Rd7 Bb2 58. Rb7 Bc3 1/2-1/2

[Event "Lipetsk King's Gambit-B"]
[Site "Lipetsk"]
[Date "2008.07.15"]
[Round "7"]
[White "Venevtsev, Andrey"]
[Black "Korneevets, Alexander"]
[Result "0-1"]
[WhiteElo "2237"]
[BlackElo "2302"]
[PlyCount "72"]
[EventDate "2008.07.09"]
[EventType "tourn"]
[EventRounds "11"]
[EventCountry "RUS"]
[EventCategory "2"]
[SourceTitle "CBM 125 Extra"]
[Source "ChessBase"]
[SourceDate "2008.09.01"]
[SourceVersion "1"]
[SourceVersionDate "2008.09.01"]
[SourceQuality "1"]

1. e4 c6 2. Nc3 d5 3. Nf3 Bg4 4. d4 e6 5. Be2 Nf6 6. e5 Nfd7 7. Ng5 Bxe2 8. Qxe2 Be7 9. Qh5 g6 10. Qh6 Bf8 11. Qh3 Bg7 12. 0-0 Qe7 13. f4 h6 14. Nf3 Na6 15. a3 Nc7 16. b4 a5 17. Bd2 axb4 18. axb4 0-0 19. g4 f5 20. exf6 Qxf6 21. Rae1 Ra3 22. Re3 Rfa8 23. Ne5 Nxe5 24. fxe5 Qd8 25. Ref3 g5 26. Qh5 Ra1 27. Qf7+ Kh8 28. h4 Rxf1+ 29. Rxf1 Qf8 30. Qxc7 Qxb4 31. Kh1 Qxd4 32. Qxb7 Rg8 33. Rd1 Qxg4 34. hxg5 Bxe5 35. Qa7 Qh3+ 36. Kg1 Rf8 0-1

[Event "Lipetsk King's Gambit-B"]
[Site "Lipetsk"]
[Date "2008.07.13"]
[Round "5"]
[White "Airapetian, Gor"]
[Black "Korneevets, Alexander"]
[Result "1-0"]
[WhiteElo "2351"]
[BlackElo "2302"]
[PlyCount "171"]
[EventDate "2008.07.09"]
[EventType "tourn"]
[EventRounds "11"]
[EventCountry "RUS"]
[EventCategory "2"]
[SourceTitle "CBM 125 Extra"]
[Source "ChessBase"]
[SourceDate "2008.09.01"]
[SourceVersion "1"]
[SourceVersionDate "2008.09.01"]
[SourceQuality "1"]

1. e4 e5 2. Nf3 Nc6 3. Bb5 Nge7 4. d4 exd4 5. Nxd4 g6 6. Nc3 Bg7 7. Be3 0-0 8. 0-0 d5 9. Bxc6 bxc6 10. exd5 Nxd5 11. Nxd5 Qxd5 12. c3 Rb8 13. Nb3 a5 14. Bc5 Re8 15. Ba3 Bf8 16. Bxf8 Kxf8 17. Qc1 a4 18. Nd4 Kg7 19. Rd1 c5 20. c4 Qe4 21. Nb5 Bb7 22. Qc3+ Kg8 23. f3 Qe3+ 24. Qxe3 Rxe3 25. Kf2 Re7 26. Nc3 Bc6 27. Rd2 Kg7 28. a3 Ree8 29. Rc1 h5 30. h4 Rb3 31. Rcc2 Kf8 32. Ne2 Rbe3 33. Nf4 Rb3 34. Nd3 Rd8 35. Nxc5 Rxd2+ 36. Rxd2 Rb6 37. Ke3 Ke7 38. Kd4 Be8 39. Re2+ Kd8 40. Kc3 Bc6 41. Re5 Be8 42. f4 Bc6 43. g3 Be8 44. Re3 Bc6 45. Kc2 Be8 46. Rc3 Ke7 47. Re3+ Kd8 48. Re1 Bc6 49. Re5 Be8 50. Re3 Bc6 51. b4 axb3+ 52. Rxb3 Ke7 53. Kc3 Kf6 54. Rxb6 cxb6 55. Nb3 Be8 56. Nd4 Ke7 57. Nb5 Bc6 58. Kb4 f6 59. c5 bxc5+ 60. Kxc5 Bg2 61. a4 Ke6 62. Nd4+ Kd7 63. a5 Be4 64. a6 Bg2 65. Kb6 Bf1 66. a7 Bg2 67. Nb5 Bf3 68. Kc5 Bg2 69. Nc3 Bb7 70. Nd5 Ke6 71. Ne3 g5 72. fxg5 fxg5 73. hxg5 Kf7 74. Nc4 Kg6 75. Kb6 Ba8 76. Kc7 Kxg5 77. Kb8 Bg2 78. Nd6 Kg4 79. Nb7 Kxg3 80. a8Q h4 81. Qa3+ Kh2 82. Nd6 h3 83. Nf5 Kg1 84. Qc1+ Kh2 85. Qe1 Bf1 86. Ne3 1-0

[Event "Lipetsk King's Gambit-B"]
[Site "Lipetsk"]
[Date "2008.07.10"]
[Round "2"]
[White "Korneevets, Alexander"]
[Black "Pesotsky, Vitaly"]
[Result "1/2-1/2"]
[WhiteElo "2302"]
[BlackElo "2338"]
[PlyCount "28"]
[EventDate "2008.07.09"]
[EventType "tourn"]
[EventRounds "11"]
[EventCountry "RUS"]
[EventCategory "2"]
[SourceTitle "CBM 125 Extra"]
[Source "ChessBase"]
[SourceDate "2008.09.01"]
[SourceVersion "1"]
[SourceVersionDate "2008.09.01"]
[SourceQuality "1"]

1. c4 Nf6 2. b3 e5 3. Bb2 Nc6 4. e3 a6 5. a3 d5 6. cxd5 Nxd5 7. Qc2 Be6 8. Nf3 Bd6 9. d4 exd4 10. Nxd4 Nxd4 11. Bxd4 0-0 12. Bd3 Qh4 13. Nd2 c5 14. Nf3 Qh6 1/2-1/2